Acteurs en G (par images). - Statistiques

Statistiques générales
  • Ce quiz a été pris 655 fois
  • Le résultat moyen est 8 sur 16
Statistiques - réponses
Par images Réponse % Correct
Ryan Gosling
84%
José Garcia
76%
Charlotte Gainsbourg
72%
Andrew Garfield
68%
Eva Green
61%
Michel Galabru
60%
Gal Gadot
59%
Rupert Grint
57%
Jake Gyllenhaal
54%
Jean Gabin
54%
Mel Gibson
54%
Cary Grant
30%
Clark Gable
26%
Greta Garbo
21%
Judy Garland
13%
Alec Guinness
8%
Aucun quiz correspondant
Distribution des résultats
% des personnes avec chaque résultat
Percentile par nombre de réponses
Votre historique - résultats
Vous n’avez pas pris ce quiz